Countries Good Both in Football AND in Basketball - Statistics

General Stats
  • This quiz has been taken 49 times
  • The average score is 9 of 12
Answer Stats
Top 4 G S B 4th Country % Correct
21 17 1 3 0 United States
100%
7 1 3 1 2 Spain
93%
12 2 6 2 2 France
88%
14 4 4 4 2 Germany
88%
15 5 2 5 3 Brazil
83%
10 4 3 1 2 Argentina
81%
12 4 4 1 3 Italy
79%
3 0 0 2 1 Poland
57%
4 0 2 2 0 Croatia
55%
11 2 4 3 2 Soviet Union
inc. Unified Team
52%
7 2 0 2 3 Uruguay
52%
7 1 3 1 2 Yugoslavia
52%
No matching quizzes found
Score Distribution
Percent of People with Each Score
Percentile by Number Answered
Your Score History
You have not taken this quiz